| 000 | 00920nam a22002417a 4500 | ||
|---|---|---|---|
| 005 | 20100910140520.0 | ||
| 008 | |||
| 010 | _aB-421004 | ||
| 020 |
_c200.00 _a8180830187 |
||
| 035 | _aB-421004 | ||
| 037 | _bDBAD / Gift | ||
| 040 |
_adpl _bEnglish |
||
| 082 | _aN | ||
| 100 |
_aDickens, Charles _919473 |
||
| 245 |
_aOliver twist / _cby Charles Dickens; edited and compiled by Reema Prashar; illustrated by Shankar Nayak |
||
| 260 |
_aDelhi _bVimal Pustak mandir _c2007 |
||
| 300 |
_a184p. : _c22cm (Hb) _bill. |
||
| 490 |
_aSilver Bell children classics _919474 |
||
| 520 | _aA little girl falls down a rabbit hole and discovers a world of nonsensical and amusing characters. | ||
| 700 |
_aMalik, Seema _919475 |
||
| 942 |
_2ddc _cEN _hN _mDIC |
||
| 999 |
_c45116 _d45116 |
||